000 004580000a22001810004500
001 768714
003 CO-MdBIC
005 20220422183625.0
020 _a0-06-055650-1
040 _bspa.
041 _aeng
082 0 4 _a22
_2813N
_bL58nl
100 1 _aLewis, Clive Staples
245 1 0 _aThe Lion, the witch and the wardrobe
_c / Clive Staples Lewis
260 _aGreat Britain : Harper Collins
300 _a42 páginas;
_bilustrado:
_c24 cm.
942 _cLGB
999 _c48127
_d48127